[Event "Kouty nad Desnou op-A"]
[Site "Kouty nad Desnou"]
[Date "2010.03.11"]
[Round "7"]
[White "Srejber, Michal"]
[Black "Vesecky, Martin"]
[Result "1-0"]
[WhiteElo "2114"]
[BlackElo "1984"]
[PlyCount "115"]
[EventDate "2010.03.06"]
[EventType "swiss"]
[EventRounds "9"]
[EventCountry "CZE"]
[SourceTitle "CBM 135 Extra"]
[Source "ChessBase"]
[SourceDate "2010.05.04"]
[SourceVersion "1"]
[SourceVersionDate "2010.05.04"]
[SourceQuality "1"]

1. e4 c5 2. Nf3 d6 3. d4 cxd4 4. Nxd4 Nf6 5. Nc3 a6 6. Bc4 e6 7. Bb3 b5 8. a3 Bb7 9. Bg5 Nc6 10. 0-0 Be7 11. Re1 0-0 12. Nxc6 Bxc6 13. Qd3 Qc7 14. Qg3 Kh8 15. Rad1 Rfd8 16. Rd3 a5 17. Qh3 Ng8 18. Rg3 h6 19. Bxe7 Qxe7 20. Qg4 g6 21. Ne2 e5 22. Nc3 Nf6 23. Qh4 Kg7 24. f4 exf4 25. Rh3 h5 26. Qxf4 b4 27. Nd1 Nxe4 28. Ne3 Qf6 29. Qxf6+ Nxf6 30. axb4 axb4 31. Rh4 Re8 32. Rf4 d5 33. Ref1 Bb5 34. R1f3 Ra1+ 35. Nf1 Rxf1+ 36. Rxf1 Bxf1 37. Kxf1 Rb8 38. h4 Ng4 39. Ke2 f5 40. Bxd5 Kf6 41. Bf3 Ke5 42. Rc4 Rb6 43. b3 f4 44. Rc5+ Kd4 45. Rc4+ Ke5 46. Bxg4 hxg4 47. g3 fxg3 48. Rxg4 Kf5 49. Rxg3 Kf4 50. Rg5 Ke4 51. Kd2 Kd4 52. Rg4+ Ke5 53. Kd3 Kf5 54. Rg5+ Kf4 55. Kc4 Ke3 56. Kc5 Rf6 57. Kxb4 Kd2 58. c4 1-0

[Event "Sec Svetla op"]
[Site "Sec u Chrudimi"]
[Date "2008.11.01"]
[Round "9"]
[White "Strakos, Tomas"]
[Black "Vesecky, Martin"]
[Result "0-1"]
[WhiteElo "1787"]
[BlackElo "1928"]
[PlyCount "30"]
[EventDate "2008.10.25"]
[EventType "swiss"]
[EventRounds "9"]
[EventCountry "CZE"]
[SourceTitle "EXT 2023"]
[Source "ChessBase"]
[SourceDate "2022.10.05"]
[SourceVersion "1"]
[SourceVersionDate "2022.10.05"]
[SourceQuality "1"]

1. d4 Nf6 2. c4 g6 3. Nc3 Bg7 4. e4 d6 5. f3 0-0 6. Be3 e5 7. d5 Nbd7 8. Qd2 a6 9. Bd3 c6 10. b4 cxd5 11. cxd5 Nh5 12. g4 Nf4 13. Nge2 Ng2+ 14. Kd1 Nxe3+ 15. Qxe3 b5 0-1

[Event "Sec Svetla op"]
[Site "Sec u Chrudimi"]
[Date "2008.10.28"]
[Round "5"]
[White "Bartos, Alois"]
[Black "Vesecky, Martin"]
[Result "1-0"]
[WhiteElo "2067"]
[BlackElo "1928"]
[PlyCount "59"]
[EventDate "2008.10.25"]
[EventType "swiss"]
[EventRounds "9"]
[EventCountry "CZE"]
[SourceTitle "EXT 2023"]
[Source "ChessBase"]
[SourceDate "2022.10.05"]
[SourceVersion "1"]
[SourceVersionDate "2022.10.05"]
[SourceQuality "1"]

1. e4 c5 2. Nf3 d6 3. d4 cxd4 4. Nxd4 Nf6 5. Nc3 e6 6. Be2 a6 7. 0-0 Be7 8. a4 0-0 9. f4 Nbd7 10. Bf3 Qc7 11. g4 Nb6 12. g5 Nfd7 13. Bg2 Nc5 14. f5 Re8 15. f6 Bf8 16. Qh5 g6 17. Qh4 Nc4 18. Rf3 Ne5 19. Rh3 h5 20. gxh6 Kh7 21. Bf4 Ncd7 22. Kh1 b6 23. Rg3 Bb7 24. Rg1 Rac8 25. Nf3 Nxf3 26. Bxf3 Qc4 27. Rxg6 fxg6 28. Qg5 e5 29. Qxg6+ Kh8 30. Nd5 1-0